Celebración a la tierra : (Registro nro. 3267)

Detalles MARC
000 -CABECERA
Campo de control 01717cam a2200421 i 4500
005 - FECHA Y HORA DE LA ULTIMA TRANSACCION
Campo de control 20200104041539.0
008 - ELEMENTOS DE LONGITUD FIJA—INFORMACION GENERAL
Campo de control 031006s2000 mx bo r 00110dspa d
020 ## - ISBN
ISBN 9686397604
040 ## - FUENTE DE CATALOGACIÓN
Agencia catalogadora original la
Agencia transcriptora la
Agencia Modificadora CO-BoIAVH
041 1# - IDIOMA
Código de idioma para texto/pista de sonido o título separado Español
082 04 - NUMERO DE CLASIFICACION DECIMAL DEWEY
Número de clasificación 333.95
Número del ítem L41c
100 1# - ASIENTO PRINCIPAL--NOMBRE PERSONAL
Nombre personal Lawrence James,
Fechas asociadas con el nombre 1945-
9 (RLIN) 55983
245 10 - MENCION DE TITULO
Título Celebración a la tierra :
Parte restante del título los últimos santuarios /
Mención de responsabilidad textos James Lawrence ; fotografías Thomas D. Mangelsen y (otros doce fotógrafos) ; prólogo el príncipe de Asturias ; traducción Ramón Elizondo.
260 ## - PUBLICACION, DISTRIBUCION, ETC. (PIE DE IMPRENTA)
Lugar de publicación, distribución, etc. México :
Nombre del editor, distribuidor, etc. Cemex,
Fecha de publicación, distribución, etc. 2000.
300 ## - DESCRIPCION FISICA
Extensión 298 páginas :
Otros detalles físicos ilustraciones, fotografías y mapas ;
Dimensiones 28 cm.
650 14 - ASIENTO SECUNDARIO DE MATERIA - TERMINO TEMATICO
Término temático o nombre geográfico como elemento de entrada Monumentos naturales
Subdivisión de forma Fotografías.
9 (RLIN) 55984
650 24 - ASIENTO SECUNDARIO DE MATERIA - TERMINO TEMATICO
Término temático o nombre geográfico como elemento de entrada Monumentos naturales.
9 (RLIN) 55985
650 24 - ASIENTO SECUNDARIO DE MATERIA - TERMINO TEMATICO
Término temático o nombre geográfico como elemento de entrada Conservación de la diversidad biológica.
9 (RLIN) 55986
650 24 - ASIENTO SECUNDARIO DE MATERIA - TERMINO TEMATICO
Término temático o nombre geográfico como elemento de entrada Ecosistemas.
9 (RLIN) 92256
650 24 - ASIENTO SECUNDARIO DE MATERIA - TERMINO TEMATICO
Término temático o nombre geográfico como elemento de entrada Ecología.
9 (RLIN) 92250
650 24 - ASIENTO SECUNDARIO DE MATERIA - TERMINO TEMATICO
Término temático o nombre geográfico como elemento de entrada Conservación de la vida silvestre.
9 (RLIN) 158
650 24 - ASIENTO SECUNDARIO DE MATERIA - TERMINO TEMATICO
Término temático o nombre geográfico como elemento de entrada Paisaje.
9 (RLIN) 2521
650 24 - ASIENTO SECUNDARIO DE MATERIA - TERMINO TEMATICO
Término temático o nombre geográfico como elemento de entrada Parques naturales
Subdivisión de forma Fotografías.
9 (RLIN) 55991
650 24 - ASIENTO SECUNDARIO DE MATERIA - TERMINO TEMATICO
Término temático o nombre geográfico como elemento de entrada Parques naturales.
9 (RLIN) 55992
650 24 - ASIENTO SECUNDARIO DE MATERIA - TERMINO TEMATICO
Término temático o nombre geográfico como elemento de entrada Protección del paisaje.
9 (RLIN) 40957
650 24 - ASIENTO SECUNDARIO DE MATERIA - TERMINO TEMATICO
Término temático o nombre geográfico como elemento de entrada Reservas forestales.
9 (RLIN) 55993
650 24 - ASIENTO SECUNDARIO DE MATERIA - TERMINO TEMATICO
Término temático o nombre geográfico como elemento de entrada Conservación de la naturaleza.
9 (RLIN) 97
650 24 - ASIENTO SECUNDARIO DE MATERIA - TERMINO TEMATICO
Término temático o nombre geográfico como elemento de entrada Areas de conservación de recursos naturales.
9 (RLIN) 55995
650 24 - ASIENTO SECUNDARIO DE MATERIA - TERMINO TEMATICO
Término temático o nombre geográfico como elemento de entrada Conservación biológica.
9 (RLIN) 98
650 24 - ASIENTO SECUNDARIO DE MATERIA - TERMINO TEMATICO
Término temático o nombre geográfico como elemento de entrada Reservas forestales
Subdivisión de forma Fotografías.
9 (RLIN) 55997
650 24 - ASIENTO SECUNDARIO DE MATERIA - TERMINO TEMATICO
Término temático o nombre geográfico como elemento de entrada Paisaje
Subdivisión de forma Fotografías.
9 (RLIN) 55998
650 24 - ASIENTO SECUNDARIO DE MATERIA - TERMINO TEMATICO
Término temático o nombre geográfico como elemento de entrada Fotografía de la vida silvestre.
9 (RLIN) 55999
700 1# - ASIENTO SECUNDARIO - NOMBRE PERSONAL
Nombre personal Elizondo, Ramón,
Término de relación traductor
9 (RLIN) 56000
700 1# - ASIENTO SECUNDARIO - NOMBRE PERSONAL
Nombre personal Mangelsen, Thomas D.,
Fechas asociadas con el nombre 1946-,
Término de relación ilustrador
9 (RLIN) 56001
700 1# - ASIENTO SECUNDARIO - NOMBRE PERSONAL
Nombre personal Felipe,
Títulos u otras palabras asociadas con el nombre Príncipe de Asturias.
9 (RLIN) 56002
942 ## - ELEMENTOS ADICIONALES (KOHA)
Sistema de clasificación Dewey Decimal Classification
Tipo de ítem Libro
949 ## - LOCAL PROCESSING INFORMATION (OCLC)
a n
b n
Existencias
Withdrawn status Lost status Sistema de Clasificación Damaged status No para préstamo Colección Inventariado Ubicación Permanente Ubicación actual Fecha de adquisición Fuente de Valor Total Checkouts Número topográfico Inventario / Código de Barras Date last seen Ejemplar Price effective from Forma de adquisición Tipo de material
    Dewey Decimal Classification     General Inventariado 2017 Bogotá Bogotá 15/04/2003 Amazon   LB-333.95 L41c 005478 04/12/2012 Ej. 1 04/12/2012   Libro